00832nam a2200253Ia 450000500170000000800410001702000180005808200140007610000260009024500760011625000180019230000250021050000270023565000360026265000300029865000320032894200120036026400680037233600270044033700330046733800280050004000350052899900150056320220317001546.0161108s2012 ck g 000 0 s  a978958869259304a657bO41c1 aOlano Asuad, Franklin10aContabilidad generalbun sistema de informacióncFranklin Olano Asuad a1a. edición a107 páginasc24 cm aIncluye bibliografía142LEMBaContabilidadxEnseñanza142LEMBaEstados financieros142LEMBaAnálisis financiero 2ddccBK aMedellínbUniversidad de Medellín - Ediciones de la Uc2012 atextobtxt2rdacontent asin mediaciónbn2rdamedia avolumenbnc2rdacarrier aCO-BoRNBPbspaerdacCO-BoRNBP c7365d7365